LEADER 01381nam a2200277 i 4500 001 000000108916 003 CaOOAMICUS 005 20080828000000.0 008 080828s1988 it u000 u ita u 013 $a81596 020 $a88-343-6209-8 040 $aSeMil$bita 100 1 $aMoiso, Francesco,$d<1944-2001>.$0(OLS)http://semarc/name/4054 245 13$aIl tragico :$bfilosofi a confronto : ciclo di Seminari della Scuola di specializzazione in Comunicazioni sociali dell'Università Cattolica /$cscritti di F. Moiso ... [et al.]. 260 $aMilano :$bVita e Pensiero,$c[1988] 300 $a326 p. ;$c21 cm. 500 $aFondo Card. C.M. Martini. 650 4$aTragico .$0(OLS)http://semarc/subject/512 700 1 $aUniversità Cattolica del Sacro Cuore : Scuola di specializzazione in Comunicazioni sociali.$0(OLS)http://semarc/name/45747 850 $aSeMil 852 $aSeMil$W1$xVenegono$y1$m2P II 593$j64958$B64958$CSeMilBibl$Z2$F76642 $81 941 1 $a4 961 $aOmaggio: Martini Card. Carlo Maria 996 $6020$a88-343-6209-8$9(OLS)http://semarc/number/90064 996 $6245$aIl tragico :$bfilosofi a confronto : ciclo di Seminari della Scuola di specializzazione in Comunicazioni sociali dell'Università Cattolica$9(OLS)http://semarc/title/158031 996 $6260$aMilano :$bVita e Pensiero$9(OLS)http://semarc/publisher/29642 LEADER 01519nam a2200337 i 4500 001 000000111646 003 CaOOAMICUS 005 20240405123455.0 008 030127s2000 it u000 u ita u 013 $a84328 020 $a88-8212-245-X 040 $aSeMil$bita 100 1 $aHersch, Jeanne <1910-1990>.$0(OLS)http://semarc/name/36571 240 10$aTextes.$0(OLS)http://semarc/title/72364 245 13$aLa nascita di Eva :$bsaggi e racconti /$cJeanne Hersch ; prefazione di Jean Starobinski ; con una nota di Roberta De Monticelli ; traduzione di Federico Leoni. 260 $aNovara :$bInterlinea,$ccopyr. 2000. 300 $a92 p. ;$c16 cm. 490 0 $aAlia [Interlinea] ;$v14 500 $aContiene : Notizia biobibliografica su Jeanne Hersch. - Fondo card. C.M. Martini. 700 1 $aLeoni, Federico.$0(OLS)http://semarc/name/46792 700 1 $aDe Monticelli, Roberta,$d<1952- >.$0(OLS)http://semarc/name/90361 700 1 $aStarobinski, Jean,$d<1920-2019>.$0(OLS)http://semarc/name/19775 830 0$aAlia ;$v14.$0(OLS)http://semarc/title/419332 850 $aSeMil 852 $aSeMil$W1$xVenegono$y1$m3F II 280$j67467$B67467$CSeMilBibl$Z2$F98729 $81 941 1 $a4 961 $aOmaggio: Martini Card. Carlo Maria 996 $6020$a88-8212-245-X$9(OLS)http://semarc/number/93912 996 $6245$aLa nascita di Eva :$bsaggi e racconti$9(OLS)http://semarc/title/162570 996 $6260$aNovara :$bInterlinea$9(OLS)http://semarc/publisher/31908